LIBRARY ONLINE CATALOGUE

Michael Faraday / (Record no. 14338)

MARC details
000 -LEADER
fixed length control field 00548nam a22001932 4500
001 - CONTROL NUMBER
control field 0000007558
005 - DATE AND TIME OF LATEST TRANSACTION
control field 20151217160114.0
008 - FIXED-LENGTH DATA ELEMENTS--GENERAL INFORMATION
fixed length control field 080215s xx 000 0 eng d
020 ## - INTERNATIONAL STANDARD BOOK NUMBER
International Standard Book Number 8171811094 :
Terms of availability KES 125
040 ## - CATALOGING SOURCE
Original cataloging agency KABU
Transcribing agency KABU
100 1# - MAIN ENTRY--PERSONAL NAME
Personal name Malhotra Vandana.
-- 0000158816
245 10 - TITLE STATEMENT
Title Michael Faraday /
Statement of responsibility, etc. Vandana Malhotra.
260 ## - PUBLICATION, DISTRIBUTION, ETC. (IMPRINT)
Place of publication, distribution, etc. New Delhi :
Name of publisher, distributor, etc. Learners Press,
Date of publication, distribution, etc. 1994.
300 ## - PHYSICAL DESCRIPTION
Extent 47 p.
600 10 - SUBJECT ADDED ENTRY--PERSONAL NAME
Personal name Faraday, Michael.
-- 0000158817
908 ## - PUT COMMAND PARAMETER (RLIN)
Put command parameter 080215
950 ## - LOCAL HOLDINGS (RLIN)
-- 1
Holdings
Withdrawn status Lost status Source of classification or shelving scheme Not for loan Home library Current library Date acquired Total Checkouts Full call number Barcode Date last seen Price effective from Koha item type
    Library of Congress Classification   Kabarak, Main Campus Kabarak, Main Campus 17/12/2015   QC16 .F2M35 011515 17/12/2015 17/12/2015 Children Collection